000 00992cab a2200217 4500
001 ABS37305
008 090401t1987 xxu||||| |||| 00| 0 eng d
035 _a(Sirsi) u3633
041 _aeng
100 _aJones, J.
245 _aLandlord-tenant partnership in Scottish farming
260 _c1987
350 _a0
490 _aValuer (ISVA)
_v56(1) January/February 1987, 16-17(2)
520 _aDescribes the procedure involved in establishing landlord and tenant partnerships in Scotland , which have developed more widely than in the rest of Britain. In England and Wales, these partnerships can put the landowners at risk of establishing unwanted tenancies. Outlines the legal differences between England and Scotland before looking at the form farming partnerships take and looks at their future use in Scotland.
650 _aAGRICULTURAL HOLDINGS ACT 1949
650 _aLIMITED PARTNERSHIP ACT 1907
690 _aLandlord and tenant
_96252
942 _n0
948 _c04/03/1997
999 _c2232
_d2232